000 01138nam a2200361Ia 4500
001 dia_2961
003 CHAP
005 20251023155209.0
008 220117s1980 xx 000 0 und d
010 _a173464
020 _a84-200-0450-2
040 _cCHAP
082 _a664.92 J37 1980
100 _aJasper, Werner
_961213
245 _aConservación de la carne por el frío /
_c Werner Jasper y Rainer Placzek ; traducción Jaime Esaín Escobar
260 _aEspaña :
_b Acribia,
_c1980
300 _a131 p.
500 _aTítulo original: Kältekonservierung von Fleisch
503 _aC/e
504 _aBibliografía: p. 127-129
590 _aTS1962 J37 1980
650 _aAlimentos congelados
_94302
650 _aCarne
_xConservación
_919066
650 _aFrigoríficos
_943317
650 _aFrozen foods
_9147452
650 _aMeat
_xPreservation
_9150954
700 _aEsaín Escobar, Jaime, tr.
_9138346
700 _aPlaczek, Rainer, coaut.
_9153826
901 _a664.92 J37 1980
902 _aM
905 _a5232271980 sp amn 8222223322spa16
942 _cLIBRO
_2ddc
999 _c173464
_d173464